[Event "RF-2017-0-00398"]
[Site "LSS email"]
[Date "2017.07.13"]
[Round "?"]
[White "Trzebiatowski, Krzysztof"]
[Black "Freitas, Paulo"]
[Result "1-0"]
[WhiteElo "2087"]
[BlackElo "1306"]
[PlyCount "31"]
[EventDate "2017.07.01"]
[EventType "tourn (corr)"]
[EventRounds "6"]
[EventCountry "GER"]
[SourceTitle "Corr 2022"]
[Source "ChessBase"]
[SourceDate "2021.10.24"]
[SourceVersion "1"]
[SourceVersionDate "2021.10.24"]
[SourceQuality "1"]

1. e4 c5 2. Nf3 d6 3. d4 cxd4 4. Nxd4 e6 5. Nc3 a6 6. Be3 Nf6 7. Be2 Nc6 8. Nxc6 bxc6 9. 0-0 Be7 10. h3 Bb7 11. Qd3 Qc7 12. f4 0-0 13. Rad1 Rfd8 14. Bf2 d5 15. exd5 Nxd5 16. Nxd5 1-0

[Event "RF-2017-0-00396"]
[Site "LSS email"]
[Date "2017.07.08"]
[Round "?"]
[White "Kalinin, Vyacheslav"]
[Black "Freitas, Paulo"]
[Result "1-0"]
[WhiteElo "1280"]
[BlackElo "1308"]
[PlyCount "39"]
[EventDate "2017.06.22"]
[EventType "tourn (corr)"]
[EventRounds "6"]
[EventCountry "GER"]
[SourceTitle "Corr 2022"]
[Source "ChessBase"]
[SourceDate "2021.10.24"]
[SourceVersion "1"]
[SourceVersionDate "2021.10.24"]
[SourceQuality "1"]

1. e4 c5 2. Bc4 e6 3. Nc3 Nc6 4. a3 Nf6 5. Nf3 a6 6. e5 Ng4 7. Qe2 d5 8. exd6 Bxd6 9. d3 Nge5 10. Nxe5 Nxe5 11. Bb3 b5 12. Ne4 Be7 13. Bf4 Qd4 14. Rb1 0-0 15. Be3 Qd8 16. Nxc5 Bxc5 17. Bxc5 Qg5 18. Bxf8 Qxg2 19. Qxe5 Qxh1+ 20. Ke2 1-0

[Event "RF-2017-0-00396"]
[Site "LSS email"]
[Date "2017.07.06"]
[Round "?"]
[White "Freitas, Paulo"]
[Black "Chura, Michal"]
[Result "0-1"]
[WhiteElo "1308"]
[BlackElo "1166"]
[PlyCount "38"]
[EventDate "2017.06.22"]
[EventType "tourn (corr)"]
[EventRounds "6"]
[EventCountry "GER"]
[SourceTitle "Corr 2022"]
[Source "ChessBase"]
[SourceDate "2021.10.24"]
[SourceVersion "1"]
[SourceVersionDate "2021.10.24"]
[SourceQuality "1"]

1. e4 Nf6 2. e5 Nd5 3. d4 d6 4. Bc4 Nb6 5. Bb3 dxe5 6. Qh5 e6 7. dxe5 Nc6 8. Bg5 Be7 9. Bxe7 Qxe7 10. c3 Bd7 11. Nf3 h6 12. Nd4 Nxd4 13. cxd4 Bb5 14. Nc3 Bc6 15. f3 0-0-0 16. 0-0-0 Bd5 17. Nxd5 Nxd5 18. Bxd5 Rxd5 19. Rd3 Rhd8 0-1

[Event "RF-2017-0-00398"]
[Site "LSS email"]
[Date "2017.07.06"]
[Round "?"]
[White "Freitas, Paulo"]
[Black "Chura, Michal"]
[Result "0-1"]
[WhiteElo "1306"]
[BlackElo "1207"]
[PlyCount "40"]
[EventDate "2017.07.01"]
[EventType "tourn (corr)"]
[EventRounds "6"]
[EventCountry "GER"]
[SourceTitle "Corr 2022"]
[Source "ChessBase"]
[SourceDate "2021.10.24"]
[SourceVersion "1"]
[SourceVersionDate "2021.10.24"]
[SourceQuality "1"]

1. d4 Nf6 2. c4 e6 3. Nf3 b6 4. e3 Bb7 5. Bd3 Bb4+ 6. Nc3 0-0 7. 0-0 Bxc3 8. bxc3 d6 9. Re1 Re8 10. e4 e5 11. d5 Nbd7 12. Ba3 Rc8 13. Rb1 h6 14. Bb2 Nc5 15. Bc2 Ba6 16. Nd2 Re7 17. f3 Qd7 18. Ba3 Nb7 19. Ba4 Qd8 20. Bb5 Bxb5 0-1

[Event "RF-2017-0-00398"]
[Site "LSS email"]
[Date "2017.07.06"]
[Round "?"]
[White "Freitas, Paulo"]
[Black "Shim Ng Min, Francis"]
[Result "1/2-1/2"]
[WhiteElo "1306"]
[BlackElo "1256"]
[PlyCount "65"]
[EventDate "2017.07.01"]
[EventType "tourn (corr)"]
[EventRounds "6"]
[EventCountry "GER"]
[SourceTitle "Corr 2022"]
[Source "ChessBase"]
[SourceDate "2021.10.24"]
[SourceVersion "1"]
[SourceVersionDate "2021.10.24"]
[SourceQuality "1"]

1. e4 c5 2. c3 d5 3. exd5 Qxd5 4. d4 Nf6 5. Nf3 Bg4 6. Be2 e6 7. 0-0 Be7 8. h3 Bh5 9. Be3 cxd4 10. Qxd4 0-0 11. Rd1 Nc6 12. Qxd5 Nxd5 13. Bc1 Rfd8 14. Nbd2 Nf4 15. Kf1 Nxe2 16. Kxe2 Ne5 17. g4 Nxf3 18. Nxf3 Rxd1 19. Kxd1 Bg6 20. Ne5 Be4 21. f3 Bf6 22. fxe4 Bxe5 23. Ke2 Rd8 24. Be3 a6 25. Rd1 Rxd1 26. Kxd1 Kf8 27. Ke2 Ke7 28. Kf3 Kd6 29. Ba7 Kc6 30. Bd4 Kd6 31. Ba7 Kc6 32. Bd4 Kd6 33. Ba7 1/2-1/2

[Event "RF-2017-0-00393"]
[Site "LSS email"]
[Date "2017.06.28"]
[Round "?"]
[White "Freitas, Paulo"]
[Black "Shim Ng Min, Francis"]
[Result "1/2-1/2"]
[WhiteElo "1393"]
[BlackElo "1111"]
[PlyCount "76"]
[EventDate "2017.06.15"]
[EventType "tourn (corr)"]
[EventRounds "6"]
[EventCountry "GER"]
[SourceTitle "Corr 2022"]
[Source "ChessBase"]
[SourceDate "2021.10.24"]
[SourceVersion "1"]
[SourceVersionDate "2021.10.24"]
[SourceQuality "1"]

1. d4 Nf6 2. c4 e6 3. Nf3 Bb4+ 4. Nc3 0-0 5. e3 c5 6. Bd3 cxd4 7. Nxd4 Nc6 8. 0-0 Ne5 9. Be2 a6 10. Qb3 Be7 11. f4 Nc6 12. Rd1 Qc7 13. Bf3 Na5 14. Qa4 Nxc4 15. Qc2 d5 16. b3 Nd6 17. Bb2 b5 18. Rac1 Bb7 19. Nce2 Qxc2 20. Rxc2 Rac8 21. Rdc1 Rxc2 22. Rxc2 Rc8 23. Rxc8+ Nxc8 24. a3 Na7 25. h3 Nc6 26. Nxc6 Bxc6 27. Nd4 Bb7 28. Kf1 Kf8 29. Ke2 Ke8 30. g4 g6 31. g5 Nd7 32. b4 Nb6 33. h4 Nc4 34. Bc1 Kd7 35. h5 Kc7 36. hxg6 hxg6 37. Nb3 Kb6 38. Kd3 Bd6 1/2-1/2

[Event "IECC CL0-2017.00 email"]
[Site "IECC email"]
[Date "2017.06.27"]
[Round "?"]
[White "Freitas, Paulo"]
[Black "Koepcke, Klaus Peter"]
[Result "0-1"]
[WhiteElo "1603"]
[BlackElo "1396"]
[PlyCount "42"]
[EventDate "2017.05.30"]
[EventType "tourn (corr)"]
[EventRounds "4"]
[SourceTitle "Corr 2022"]
[Source "ChessBase"]
[SourceDate "2021.10.24"]
[SourceVersion "1"]
[SourceVersionDate "2021.10.24"]
[SourceQuality "1"]

1. d4 d5 2. c4 c6 3. e3 Nf6 4. Nf3 g6 5. Nc3 Bg7 6. h3 0-0 7. Bd3 b6 8. b3 Bb7 9. 0-0 Nbd7 10. Bb2 c5 11. Rb1 Re8 12. Re1 dxc4 13. Bxc4 e5 14. dxe5 Bxf3 15. Qxf3 Nxe5 16. Qe2 Nxc4 17. bxc4 Qe7 18. Nd5 Nxd5 19. Bxg7 Nf4 20. Qb2 Nd3 21. Qa1 Nxe1 0-1

[Event "IECC CL0-2017.00 email"]
[Site "IECC email"]
[Date "2017.06.22"]
[Round "?"]
[White "Freitas, Paulo"]
[Black "Semenov, Zhenya"]
[Result "0-1"]
[WhiteElo "1603"]
[BlackElo "873"]
[PlyCount "34"]
[EventDate "2017.05.30"]
[EventType "tourn (corr)"]
[EventRounds "4"]
[SourceTitle "Corr 2022"]
[Source "ChessBase"]
[SourceDate "2021.10.24"]
[SourceVersion "1"]
[SourceVersionDate "2021.10.24"]
[SourceQuality "1"]

1. d4 d5 2. c4 e6 3. Nf3 Nf6 4. Nc3 Bb4 5. Qc2 dxc4 6. e3 0-0 7. Bxc4 b6 8. 0-0 Bb7 9. Ne5 Nbd7 10. Nxd7 Nxd7 11. Bd2 Nf6 12. a3 Bxc3 13. Bxc3 Rc8 14. Bd3 c5 15. Qb1 cxd4 16. Bxd4 h6 17. h3 Qd5 0-1

[Event "RF-2017-0-00391"]
[Site "LSS email"]
[Date "2017.06.20"]
[Round "?"]
[White "Chura, Michal"]
[Black "Freitas, Paulo"]
[Result "1-0"]
[WhiteElo "1169"]
[BlackElo "1448"]
[PlyCount "69"]
[EventDate "2017.06.08"]
[EventType "tourn (corr)"]
[EventRounds "6"]
[EventCountry "GER"]
[SourceTitle "Corr 2022"]
[Source "ChessBase"]
[SourceDate "2021.10.24"]
[SourceVersion "1"]
[SourceVersionDate "2021.10.24"]
[SourceQuality "1"]

1. f4 d5 2. Nf3 e6 3. e3 Nf6 4. b3 c5 5. Bb2 Nc6 6. Bb5 Bd7 7. 0-0 Be7 8. d3 0-0 9. Nbd2 a6 10. Bxc6 Bxc6 11. Ne5 Nd7 12. Nxc6 Qe8 13. Nxe7+ Qxe7 14. Rf3 Nf6 15. Rh3 g6 16. Qe1 Ng4 17. Nf3 f5 18. Ng5 h5 19. Qc3 e5 20. Re1 d4 21. exd4 cxd4 22. Qc4+ Kh8 23. Rg3 Rac8 24. Qa4 Qc7 25. Ne6 Qxc2 26. Rxg4 Qd2 27. Rf1 Qe3+ 28. Kh1 Rg8 29. Rg3 Qe2 30. Rgf3 Qxb2 31. Qa5 Rc2 32. Qxe5+ Kh7 33. Rg1 Qxa2 34. Rh3 Kh6 35. Nxd4 1-0

[Event "RF-2017-0-00391"]
[Site "LSS email"]
[Date "2017.06.20"]
[Round "?"]
[White "Freitas, Paulo"]
[Black "Shim Ng Min, Francis"]
[Result "1/2-1/2"]
[WhiteElo "1448"]
[BlackElo "1215"]
[PlyCount "94"]
[EventDate "2017.06.08"]
[EventType "tourn (corr)"]
[EventRounds "6"]
[EventCountry "GER"]
[SourceTitle "Corr 2022"]
[Source "ChessBase"]
[SourceDate "2021.10.24"]
[SourceVersion "1"]
[SourceVersionDate "2021.10.24"]
[SourceQuality "1"]

1. d4 Nf6 2. c4 e6 3. Nf3 Bb4+ 4. Bd2 Qe7 5. e3 0-0 6. Nc3 c5 7. Bd3 cxd4 8. Nxd4 Nc6 9. 0-0 Nxd4 10. exd4 d5 11. c5 e5 12. dxe5 Qxe5 13. Re1 Qc7 14. Na4 Bxd2 15. Qxd2 Bd7 16. Re7 Rfe8 17. Rae1 Ne4 18. Rxe8+ Rxe8 19. Bxe4 dxe4 20. Qb4 Qc6 21. b3 h6 22. Nc3 Bf5 23. Re3 Re5 24. f3 Rxc5 25. Nxe4 Rc1+ 26. Kf2 Rc2+ 27. Re2 Bxe4 28. Qxe4 Qxe4 29. fxe4 Rxe2+ 30. Kxe2 f6 31. a3 Kf7 32. g3 Ke6 33. Ke3 Ke5 34. h3 h5 35. h4 f5 36. exf5 Kxf5 37. a4 a5 38. Kf3 g6 39. Ke3 Kg4 40. Kf2 g5 41. hxg5 Kxg5 42. Kf3 Kf5 43. Ke3 Ke5 44. Kd3 Kd5 45. Ke3 Ke5 46. Kd3 Kf5 47. Ke3 Ke5 1/2-1/2

[Event "OP-2017-0-04366"]
[Site "LSS email"]
[Date "2017.06.13"]
[Round "?"]
[White "Freitas, Paulo"]
[Black "Abascal Perez, Arturo"]
[Result "0-1"]
[WhiteElo "1448"]
[BlackElo "800"]
[PlyCount "36"]
[EventDate "2017.06.07"]
[EventType "tourn (corr)"]
[EventRounds "4"]
[EventCountry "GER"]
[SourceTitle "Corr 2022"]
[Source "ChessBase"]
[SourceDate "2021.10.24"]
[SourceVersion "1"]
[SourceVersionDate "2021.10.24"]
[SourceQuality "1"]

1. d4 d5 2. c4 e6 3. Nf3 Nf6 4. Nc3 Nbd7 5. e3 c6 6. cxd5 exd5 7. Bd3 Bd6 8. h3 0-0 9. Qc2 Re8 10. 0-0 Qe7 11. Re1 Ne4 12. Nd2 Ndf6 13. Ndxe4 Nxe4 14. Nxe4 dxe4 15. Be2 Qg5 16. Bg4 Bxg4 17. hxg4 Qxg4 18. g3 Qh3 0-1

[Event "RF-2017-0-00389"]
[Site "LSS email"]
[Date "2017.06.13"]
[Round "?"]
[White "Freitas, Paulo"]
[Black "Kalinin, Vyacheslav"]
[Result "1/2-1/2"]
[WhiteElo "1615"]
[BlackElo "1290"]
[PlyCount "132"]
[EventDate "2017.05.28"]
[EventType "tourn (corr)"]
[EventRounds "6"]
[EventCountry "GER"]
[SourceTitle "Corr 2022"]
[Source "ChessBase"]
[SourceDate "2021.10.24"]
[SourceVersion "1"]
[SourceVersionDate "2021.10.24"]
[SourceQuality "1"]

1. d4 d6 2. c4 c5 3. Nf3 cxd4 4. Nxd4 Nc6 5. e3 g6 6. Be2 Bg7 7. 0-0 Nf6 8. Nc3 0-0 9. a3 Nxd4 10. exd4 b6 11. h3 Bb7 12. Bf3 Bxf3 13. Qxf3 Rc8 14. b3 a6 15. Be3 d5 16. Nxd5 Nxd5 17. cxd5 Rc3 18. Qd1 Qxd5 19. b4 Rd8 20. Qe2 b5 21. Rfc1 Rdc8 22. Qd2 Qc4 23. Rxc3 Qxc3 24. Qxc3 Rxc3 25. a4 f5 26. axb5 axb5 27. Ra5 Rc4 28. Rxb5 Bxd4 29. Bxd4 Rxd4 30. Kf1 Rd2 31. Rb8+ Kf7 32. b5 Rb2 33. b6 Ke6 34. b7 Kd7 35. Rh8 Rxb7 36. Rxh7 Ke6 37. g3 Rb2 38. h4 Rb8 39. Kg2 Kf6 40. h5 g5 41. Rh6+ Kf7 42. Rc6 g4 43. Kf1 Rh8 44. h6 Rh7 45. Kg2 e6 46. Rc7+ Kg6 47. Rc6 Kf6 48. Ra6 Rxh6 49. Rb6 Rh7 50. Ra6 Rb7 51. Rc6 Rb1 52. Ra6 Rb2 53. Rc6 Ke7 54. Ra6 e5 55. Kf1 Rd2 56. Ke1 Rd6 57. Ra5 Ke6 58. Ke2 f4 59. gxf4 exf4 60. Rg5 f3+ 61. Ke3 Rd5 62. Rxg4 Rf5 63. Rf4 Rxf4 64. Kxf4 Kf6 65. Kxf3 Kf5 66. Ke2 Ke4 1/2-1/2

[Event "RF-2017-0-00389"]
[Site "LSS email"]
[Date "2017.06.12"]
[Round "?"]
[White "Lenz, Juergen"]
[Black "Freitas, Paulo"]
[Result "1/2-1/2"]
[WhiteElo "1135"]
[BlackElo "1615"]
[PlyCount "137"]
[EventDate "2017.05.28"]
[EventType "tourn (corr)"]
[EventRounds "6"]
[EventCountry "GER"]
[SourceTitle "Corr 2022"]
[Source "ChessBase"]
[SourceDate "2021.10.24"]
[SourceVersion "1"]
[SourceVersionDate "2021.10.24"]
[SourceQuality "1"]

1. d4 d5 2. Bf4 Bf5 3. e3 Nf6 4. c4 c6 5. Qb3 b6 6. Nc3 e6 7. cxd5 Nxd5 8. Bg3 Bd6 9. Nf3 Bxg3 10. hxg3 Nd7 11. Ba6 Rb8 12. 0-0 Nxc3 13. bxc3 0-0 14. a4 Be4 15. Be2 c5 16. Nd2 Bd5 17. c4 Ba8 18. d5 exd5 19. cxd5 Nf6 20. e4 Re8 21. Bf3 Nd7 22. Nc4 Ne5 23. Nxe5 Rxe5 24. Rfe1 Qd6 25. Re2 Rbe8 26. Rae1 a5 27. Bg4 Qg6 28. Bf5 Qf6 29. f4 R5e7 30. Qd3 Qd4+ 31. Qxd4 cxd4 32. d6 Rb7 33. e5 g6 34. Be4 Rd7 35. Bxa8 Rxa8 36. Rb2 Rb7 37. Rd1 h5 38. Rxd4 Kf8 39. Kf2 Ke8 40. g4 Kd7 41. gxh5 gxh5 42. f5 Re8 43. Rb5 Rg8 44. Rb3 Rg5 45. Rf3 Rb8 46. e6+ fxe6 47. fxe6+ Kxe6 48. d7 Rd8 49. Re3+ Kf7 50. Rf4+ Kg7 51. Re7+ Kg6 52. Rd4 Rf5+ 53. Ke3 Kf6 54. Re8 Re5+ 55. Rxe5 Kxe5 56. g3 Ke6 57. Rh4 Kxd7 58. Rxh5 Re8+ 59. Kf3 Re1 60. Rd5+ Kc6 61. Rd4 Kc5 62. Rf4 b5 63. Rf5+ Kb4 64. axb5 a4 65. b6 Re6 66. b7 Rb6 67. Rf7 a3 68. b8Q Rxb8 69. Ra7 1/2-1/2

[Event "RF-2017-0-00387"]
[Site "LSS email"]
[Date "2017.06.08"]
[Round "?"]
[White "Freitas, Paulo"]
[Black "Lauer, Frederic"]
[Result "1/2-1/2"]
[WhiteElo "1630"]
[BlackElo "1208"]
[PlyCount "32"]
[EventDate "2017.05.18"]
[EventType "tourn (corr)"]
[EventRounds "6"]
[EventCountry "GER"]
[SourceTitle "Corr 2022"]
[Source "ChessBase"]
[SourceDate "2021.10.24"]
[SourceVersion "1"]
[SourceVersionDate "2021.10.24"]
[SourceQuality "1"]

1. d4 e6 2. c4 Nf6 3. Nf3 d5 4. Nc3 Bb4 5. e3 Ne4 6. Qc2 Bxc3+ 7. bxc3 0-0 8. cxd5 exd5 9. Bd3 f5 10. Nd2 c6 11. Qb3 Qb6 12. Nxe4 fxe4 13. Bc2 Be6 14. 0-0 Qxb3 15. axb3 Nd7 16. Re1 Rf7 1/2-1/2

[Event "IECC CL0-2017.00 email"]
[Site "IECC email"]
[Date "2017.06.07"]
[Round "?"]
[White "Koepcke, Klaus Peter"]
[Black "Freitas, Paulo"]
[Result "1-0"]
[WhiteElo "1402"]
[BlackElo "1614"]
[PlyCount "115"]
[EventDate "2017.05.12"]
[EventType "tourn (corr)"]
[EventRounds "4"]
[SourceTitle "Corr 2022"]
[Source "ChessBase"]
[SourceDate "2021.10.24"]
[SourceVersion "1"]
[SourceVersionDate "2021.10.24"]
[SourceQuality "1"]

1. d4 d5 2. c4 c6 3. Nc3 Nf6 4. Nf3 Bf5 5. e3 e6 6. Bd3 Bxd3 7. Qxd3 h6 8. b3 Be7 9. Bb2 Nbd7 10. 0-0 0-0 11. e4 dxe4 12. Nxe4 Nxe4 13. Qxe4 Nf6 14. Qe3 Nh7 15. Rad1 Ng5 16. Rd3 Nxf3+ 17. Qxf3 Bf6 18. Rfd1 Qc7 19. Bc1 Rad8 20. Bxh6 Qa5 21. Qg4 Rd7 22. a4 Rfd8 23. Bd2 Qf5 24. Qxf5 exf5 25. Bc3 c5 26. d5 Bxc3 27. Rxc3 b6 28. Re3 g6 29. Rde1 Kf8 30. f4 Rc8 31. Kf2 Rcc7 32. Re8+ Kg7 33. Kf3 Rb7 34. h3 a6 35. Ra8 b5 36. Rxa6 bxa4 37. Rxa4 Rxb3+ 38. Kf2 Rd3 39. Ra5 Rc7 40. Rc1 Kf8 41. Ra8+ Ke7 42. Re1+ Kd6 43. Rd8+ Rd7 44. Rc8 Re7 45. Rc6+ Kd7 46. Rxe7+ Kxe7 47. Rxc5 Rd4 48. Ke3 Re4+ 49. Kf3 Rd4 50. Rc7+ Ke8 51. g4 fxg4+ 52. Kxg4 f6 53. h4 Kf8 54. Rc6 Ke7 55. Kf3 Rd3+ 56. Ke4 Rh3 57. d6+ Kd7 58. Kd5 1-0

[Event "OP-2017-0-04361"]
[Site "LSS email"]
[Date "2017.06.07"]
[Round "?"]
[White "Thomae, Eberhard"]
[Black "Freitas, Paulo"]
[Result "1-0"]
[WhiteElo "1818"]
[BlackElo "1603"]
[PlyCount "39"]
[EventDate "2017.05.30"]
[EventType "tourn (corr)"]
[EventRounds "4"]
[EventCountry "GER"]
[SourceTitle "Corr 2022"]
[Source "ChessBase"]
[SourceDate "2021.10.24"]
[SourceVersion "1"]
[SourceVersionDate "2021.10.24"]
[SourceQuality "1"]

1. e4 c5 2. Nf3 d6 3. Nc3 Nc6 4. Bb5 Bd7 5. d4 a6 6. Bxc6 bxc6 7. dxc5 dxc5 8. 0-0 g6 9. Qe2 Bg7 10. Rd1 Bxc3 11. bxc3 Qc7 12. e5 Bf5 13. h3 e6 14. g4 Ne7 15. gxf5 Nxf5 16. Be3 Nxe3 17. Qxe3 Qe7 18. Rd6 Rd8 19. Rad1 Rxd6 20. exd6 1-0

[Event "IECC CL0-2017.00 email"]
[Site "IECC email"]
[Date "2017.06.06"]
[Round "?"]
[White "Freitas, Paulo"]
[Black "Trevis, Robert R"]
[Result "0-1"]
[WhiteElo "1614"]
[BlackElo "1126"]
[PlyCount "24"]
[EventDate "2017.05.12"]
[EventType "tourn (corr)"]
[EventRounds "4"]
[SourceTitle "Corr 2022"]
[Source "ChessBase"]
[SourceDate "2021.10.24"]
[SourceVersion "1"]
[SourceVersionDate "2021.10.24"]
[SourceQuality "1"]

1. d4 d5 2. c4 dxc4 3. Nc3 a6 4. a4 Nc6 5. e3 Be6 6. d5 Bxd5 7. Qxd5 e6 8. Qxc4 Nf6 9. Nf3 Bb4 10. Nd2 0-0 11. Be2 Qd6 12. 0-0 Rfd8 0-1

[Event "RF-2017-0-00386"]
[Site "LSS email"]
[Date "2017.06.02"]
[Round "?"]
[White "Freitas, Paulo"]
[Black "Lauer, Frederic"]
[Result "1/2-1/2"]
[WhiteElo "1614"]
[BlackElo "1210"]
[PlyCount "26"]
[EventDate "2017.05.09"]
[EventType "tourn (corr)"]
[EventRounds "6"]
[EventCountry "GER"]
[SourceTitle "Corr 2022"]
[Source "ChessBase"]
[SourceDate "2021.10.24"]
[SourceVersion "1"]
[SourceVersionDate "2021.10.24"]
[SourceQuality "1"]

1. d4 d5 2. c4 Nc6 3. Nf3 Bg4 4. e3 Nf6 5. Nc3 e6 6. cxd5 Nxd5 7. Be2 Bb4 8. Qc2 0-0 9. 0-0 a6 10. Nxd5 exd5 11. a3 Bd6 12. b4 Ne7 13. Bb2 c6 1/2-1/2

[Event "RF-2017-0-00386"]
[Site "LSS email"]
[Date "2017.06.02"]
[Round "?"]
[White "Shim Ng Min, Francis"]
[Black "Freitas, Paulo"]
[Result "0-1"]
[WhiteElo "1231"]
[BlackElo "1614"]
[PlyCount "90"]
[EventDate "2017.05.09"]
[EventType "tourn (corr)"]
[EventRounds "6"]
[EventCountry "GER"]
[SourceTitle "Corr 2022"]
[Source "ChessBase"]
[SourceDate "2021.10.24"]
[SourceVersion "1"]
[SourceVersionDate "2021.10.24"]
[SourceQuality "1"]

1. e4 c5 2. Nf3 d6 3. d4 cxd4 4. Nxd4 Nf6 5. Nc3 a6 6. Bg5 e6 7. f4 Be7 8. Qf3 Nc6 9. 0-0-0 h6 10. Bxf6 Bxf6 11. Nxc6 bxc6 12. e5 Be7 13. exd6 Bf6 14. Qxc6+ Bd7 15. Qf3 0-0 16. Ne4 Rb8 17. Nxf6+ Qxf6 18. Qa3 Qxf4+ 19. Kb1 Rb6 20. Bd3 Rc8 21. g3 Qg5 22. h4 Qc5 23. Qxc5 Rxc5 24. Be4 f5 25. Bf3 Kf7 26. b3 e5 27. Bd5+ Kf6 28. Bg2 Ke6 29. Kb2 Rxd6 30. Rxd6+ Kxd6 31. Rd1+ Ke7 32. Rd5 Rxd5 33. Bxd5 Kd6 34. c4 f4 35. gxf4 exf4 36. Kc1 g5 37. hxg5 hxg5 38. Kd2 Ke5 39. a4 a5 40. b4 axb4 41. a5 Bc8 42. Kd3 g4 43. Ba8 f3 44. Ke3 b3 45. Be4 f2 0-1